LEADER 02404nam0 22004693i 450 001 VAN00164418 005 20240806101019.787 017 70$2N$a9783319434551 100 $a20210623d2016 |0itac50 ba 101 $aeng 102 $aCH 105 $a|||| ||||| 200 1 $aMeasurement of the D0 Meson Production in Pb?Pb and p?Pb Collisions$eA Study Performed with the ALICE Experiment at the LHC$eDoctoral Thesis accepted by the University of Padua, Italy$fAndrea Festanti 210 $aCham$cSpringer$d2016 215 $axvii, 174 p.$cill.$d24 cm 410 1$1001VAN00104193$12001 $aSpringer theses$erecognizing outstanding Ph.D. research$1210 $aBerlin$cSpringer$d2010- 500 1$3VAN00164419$aMeasurement of the D0 Meson Production in Pb?Pb and p?Pb Collisions$91808127 606 $a00A79 (77-XX)$xPhysics [MSC 2020]$3VANC023182$2MF 606 $a81T30$xString and superstring theories; other extended objects (e.g., branes) in quantum field theory [MSC 2020]$3VANC021514$2MF 606 $a81Txx$xQuantum field theory; related classical field theories [MSC 2020]$3VANC027580$2MF 606 $a81V35$xNuclear physics [MSC 2020]$3VANC023270$2MF 606 $a83Fxx$xCosmology [MSC 2020]$3VANC023580$2MF 610 $aALICE Experiment at the LHC$9KW:K 610 $aCharm Production$9KW:K 610 $aD-meson Elliptic Flow$9KW:K 610 $aD-meson Multiplicity Dependence$9KW:K 610 $aD-meson Nuclear Modification Factor$9KW:K 610 $aHeavy-Ion Collisions$9KW:K 610 $aInitial State Effects in Heavy-ion Collisions$9KW:K 610 $aParton Energy Loss$9KW:K 610 $aQuark-Gluon Plasma$9KW:K 620 $aCH$dCham$3VANL001889 700 1$aFestanti$bAndrea$3VANV148120$0805580 712 $aSpringer $3VANV108073$4650 801 $aIT$bSOL$c20241115$gRICA 856 4 $uhttp://doi.org/10.1007/978-3-319-43455-1$zE-book ? Accesso al full-text attraverso riconoscimento IP di Ateneo, proxy e/o Shibboleth 899 $aBIBLIOTECA DEL DIPARTIMENTO DI MATEMATICA E FISICA$1IT-CE0120$2VAN08 912 $fN 912 $aVAN00164418 950 $aBIBLIOTECA DEL DIPARTIMENTO DI MATEMATICA E FISICA$d08DLOAD e-book 2773 $e08eMF2773 20210623 996 $aMeasurement of the D0 Meson Production in Pb?Pb and p?Pb Collisions$91808127 997 $aUNICAMPANIA LEADER 02100nam2 22004813i 450 001 VAN00268117 005 20240229124621.136 017 70$2N$a9781468494648 100 $a20231129d1977 |0itac50 ba 101 $aeng 102 $aUS 105 $a|||| ||||| 200 0 $a1$fM. Loeve 205 $a4. ed 210 $aNew York$cSpringer$d1977 215 $axvii, 425 p.$d25 cm 410 1$1001VAN00023579$12001 $aGraduate texts in mathematics$1210 $aNew York [etc.]$cSpringer$d1950-$v45 461 1$1001VAN00268116$12001 $aProbability theory$fM. Loeve$1210 $aNew York$cSpringer$1215 $avolumi$d25 cm$v1 606 $a60-XX$xProbability theory and stochastic processes [MSC 2020]$3VANC020428$2MF 606 $a60A05$xAxioms; other general questions in probability [MSC 2020]$3VANC021400$2MF 606 $a60E05$xProbability distributions: general theory [MSC 2020]$3VANC024596$2MF 606 $a60F05$xCentral limit and other weak theorems [MSC 2020]$3VANC024652$2MF 606 $a60G50$xSums of independent random variables; random walks [MSC 2020]$3VANC020430$2MF 610 $aMeasurement theory$9KW:K 610 $aMedian$9KW:K 610 $aProbability$9KW:K 610 $aProbability Theory$9KW:K 610 $aProbability calculation$9KW:K 610 $aProbability distribution$9KW:K 610 $aProbability spaces$9KW:K 610 $aRandom variables$9KW:K 610 $aVariance$9KW:K 620 $aUS$dNew York$3VANL000011 700 1$aLoeve$bMichel$3VANV020230$012363 712 $aSpringer $3VANV108073$4650 801 $aIT$bSOL$c20250606$gRICA 856 4 $uhttps://doi.org/10.1007/978-1-4684-9464-8$zE-book ? Accesso al full-text attraverso riconoscimento IP di Ateneo, proxy e/o Shibboleth 899 $aBIBLIOTECA DEL DIPARTIMENTO DI MATEMATICA E FISICA$1IT-CE0120$2VAN08 912 $fN 912 $aVAN00268117 950 $aBIBLIOTECA DEL DIPARTIMENTO DI MATEMATICA E FISICA$d08DLOAD e-book 7383 $e08eMF7383 20231204 996 $a1$93601141 997 $aUNICAMPANIA